|
|
|
|
| LEADER |
00000nab a2200000uu 4500 |
| 001 |
vtls010876545 |
| 003 |
SK-MaSNL |
| 005 |
20260303110454.0 |
| 008 |
230121|1973 xo |||||||||||||||||cze| |
| 015 |
|
|
|a SNBRB
|
| 035 |
|
|
|a (urnnbn)urn:nbn:sk:snk:ar-006aa9
|
| 035 |
|
|
|a (uuid)14e8dbfe-1e0e-423d-93a7-2e2d399a76b2
|
| 035 |
|
|
|a urn:nbn:sk:snk-ab7q5p
|
| 040 |
|
|
|a SNKBUCL
|b slo
|c SNKBUCL
|e AACR2
|
| 041 |
0 |
|
|a cze
|
| 044 |
|
|
|a xo
|c SK
|
| 100 |
1 |
|
|a Vilimovský, Zdeněk
|4 aut
|9 5400
|
| 245 |
1 |
0 |
|a JAN KOWALCZYK
|b (Rozhovor pro JAZDECTVO)
|c Zdeněk Vilimovský
|
| 773 |
0 |
|
|t Jazdectvo : časopis pre chov koní a jazdecký šport
|g Roč. 21, č. 11 (1973), s. 206-207
|
| 954 |
|
|
|a odborná, vedecká literatúra cudzojazyčná (svetová)
|2 lita
|
| 954 |
|
|
|a odborná, vedecká literatúra pôvodná (slovenská)
|2 lita
|
| 958 |
|
|
|a OND
|
| 958 |
|
|
|a EUIPO
|
| 958 |
|
|
|a article8
|
| 999 |
|
|
|c 1870430
|d 1872360
|